Forume 1 - Grand prix en 2023 (Circuits) - Statistiques

Statistiques générales
  • Ce quiz a été pris 323 fois
  • Le résultat moyen est 16 sur 24
Statistiques - réponses
Par images Réponse % Correct
Monaco
89%
Bahreïn
80%
Italie
80%
Azerbaïdjan
78%
Arabie Saoudite
75%
Belgique
75%
Espagne
75%
Japon
71%
Abu Dhabi
67%
Chine
66%
Australie
65%
Autriche
65%
Brésil
65%
Las Vegas
65%
Singapour
64%
Hongrie
63%
Imola
63%
Pays Bas
61%
Grande-Bretagne
60%
Etats Unis
58%
Qatar
57%
Canada
56%
Miami
55%
Mexique
51%
Aucun quiz correspondant
Distribution des résultats
% des personnes avec chaque résultat
Percentile par nombre de réponses
Votre historique - résultats
Vous n’avez pas pris ce quiz